00341nam a2200121Ia 4500020001800000082001700018245004200035260004500077300001400122650003500136700002400171700002400195 a9780195669763 a320.954 OXF- 0aOxford companion to politics in India aNew DelhibOxford University Pressc2010 axxvi, 618 aIndiavPolitics and government aMehta, Pratap Bhanu aJayal, Niraja Gopal